Normal view
MARC view
Entry Personal Name
001 - CONTROL NUMBER
- control field: 5582
003 - CONTROL NUMBER IDENTIFIER
- control field: OSt
005 - DATE AND TIME OF LATEST TRANSACTION
- control field: 20220106142706.0
008 - FIXED-LENGTH DATA ELEMENTS
- fixed length control field: 220106|| aca||aabn | a|a d
040 ## - CATALOGING SOURCE
- Original cataloging agency: OSt
- Transcribing agency: OSt
100 ## - HEADING--PERSONAL NAME
- Personal name: Stephens, Ryan, D. Diggins, Christopher. Turkanis, Jonathan
670 ## - SOURCE DATA FOUND
- Source citation: Work cat.: (OSt): Stephens, Ryan, D. Diggins, Christopher. Turkanis, Jonathan , C++ cookbook